| 000 | 01354nam0a2200325 i 4500 | ||
|---|---|---|---|
| 001 | RU\NLR\BIBL_A\010459501 | ||
| 005 | 20241101005606.0 | ||
| 010 |
_a9785890592071 _92000 |
||
| 021 |
_aRU _b14-49993 |
||
| 035 | _a(NILC)RuMoRGB-007519670 | ||
| 035 | _a(NLR Aleph) 010459501 | ||
| 090 |
_a9968653 _c9968653 |
||
| 100 | _a20140908d2014 m y0rusy50 ca | ||
| 101 | 1 |
_arus _cspa |
|
| 102 | _aRU | ||
| 105 | _aa z 000ay | ||
| 200 | 1 |
_aТри грустных тигра _e[роман] _fГильермо Кабрера Инфанте _gпер. с исп. [и коммент.] Дарьи Синицыной |
|
| 210 |
_aСанкт-Петербург _cИзд-во Ивана Лимбаха _d2014 |
||
| 215 |
_a571, [2] с. _cил. _d22 |
||
| 300 | _aЗагл. и авт. ориг.: Tres tristes tigres / Guillermo Cabrera Infante | ||
| 333 | _a18+ | ||
| 454 | 0 |
_12001#$aTres tristes tigres _1700#1$aCabrera Infante$bG.$f1929-2005$3RU\NLR\AUTH\770143965$gGuillermo _tTres tristes tigres _aCabrera Infante, Guillermo (1929-2005) |
|
| 686 | 1 | _aШ6(7Ку)-440.4(Лх1840) | |
| 700 | 1 |
_7ca _8rus _aКабрера Инфанте _bГ. _f1929-2005 _gГильермо _9143928 _3RU\NLR\AUTH\770143964 |
|
| 801 | 0 |
_aRU _bРГБ _c20140711 _gRCR |
|
| 942 | _cBOOK | ||
| 980 | _aNBR | ||